000 00587nam a2200169 i 4500
001 149787
003 ES-MaACL
005 20230906203246.0
007 t|
008 071024s1939 sp ||||1| spa d
100 1 _aVázquez Seijas, Manuel.
_9113487
245 1 0 _aLugo bajo el Imperio Romano
_b: conferencia dada el 6 de julio de 1938 ... /
_cpor Manuel Vázquez Seijas.
260 _aLugo :
_bJunta del Museo Provincial de Lugo,
_c1939.
300 _a41 p., [6] h. de lám. :
_bil. ;
_c22 cm.
710 2 _aMuseo Provincial de Lugo.
_95917
852 _aES-MaACL
_j1624-F-23
_bR.18622
999 _c149787
_d149787